[Event "FICGS class M 000023 email"]
[Site "FICGS email"]
[Date "2020.06.21"]
[Round "1"]
[White "Serov, Maksim"]
[Black "Schroeder, Christoph"]
[Result "0-1"]
[WhiteElo "2342"]
[BlackElo "2258"]
[PlyCount "36"]
[EventDate "2020.??.??"]
[EventType "tourn (corr)"]
[EventRounds "1"]
[SourceTitle "Corr 2022"]
[Source "ChessBase"]
[SourceDate "2021.10.24"]
[SourceVersion "1"]
[SourceVersionDate "2021.10.24"]
[SourceQuality "1"]

1. e4 e6 2. d4 d5 3. Nc3 dxe4 4. Nxe4 Nd7 5. Nf3 Ngf6 6. Bd3 c5 7. Nxf6+ Nxf6 8. Be3 Qc7 9. Qe2 a6 10. 0-0 b6 11. c4 Bb7 12. Bc2 cxd4 13. Ba4+ Bc6 14. Bxc6+ Qxc6 15. Bxd4 Bc5 16. Rad1 0-0 17. Ne5 Qc7 18. Bxc5 bxc5 0-1

[Event "St Petersburg rapid final"]
[Site "St Petersburg"]
[Date "2016.09.17"]
[Round "2.2"]
[White "Serov, Maksim"]
[Black "Alekseev, Evgeny V"]
[Result "0-1"]
[WhiteElo "2342"]
[BlackElo "2636"]
[PlyCount "32"]
[EventDate "2016.09.17"]
[EventType "k.o. (rapid)"]
[EventRounds "5"]
[EventCountry "RUS"]
[SourceTitle "CBM 174 Extra"]
[Source "ChessBase"]
[SourceDate "2016.10.10"]
[SourceVersion "1"]
[SourceVersionDate "2016.10.10"]
[SourceQuality "1"]

1. d4 d5 2. Nf3 Nf6 3. c4 e6 4. g3 Bb4+ 5. Bd2 Be7 6. Bg2 0-0 7. b3 c6 8. Nc3 b6 9. Qc2 Ba6 10. Ne5 dxc4 11. e3 cxb3 12. axb3 Qc8 13. f4 Bb7 14. e4 Rd8 15. 0-0 Na6 16. Ne2 c5 0-1

[Event "St Petersburg-ch sf"]
[Site "St Petersburg"]
[Date "2013.02.01"]
[Round "7"]
[White "Saveliev, Alexei"]
[Black "Serov, Maksim"]
[Result "1/2-1/2"]
[WhiteElo "2138"]
[BlackElo "2366"]
[PlyCount "63"]
[EventDate "2013.01.26"]
[EventType "swiss"]
[EventRounds "9"]
[EventCountry "RUS"]
[SourceTitle "CBM 152 Extra"]
[Source "ChessBase"]
[SourceDate "2013.02.25"]
[SourceVersion "1"]
[SourceVersionDate "2013.02.25"]
[SourceQuality "1"]

1. e4 c5 2. Nf3 e6 3. d4 cxd4 4. Nxd4 a6 5. Bd3 Qb6 6. Nb3 Nc6 7. 0-0 Nf6 8. Nc3 Qc7 9. f4 d6 10. Be3 Be7 11. Qf3 0-0 12. Rae1 b5 13. Kh1 Bb7 14. Qh3 Nb4 15. Nd4 Rac8 16. a3 Nxd3 17. cxd3 Qd7 18. Qg3 Rfe8 19. f5 e5 20. Nf3 Kh8 21. Bd2 Bd8 22. Qh3 a5 23. b4 axb4 24. axb4 Bb6 25. Qg3 Bc7 26. Bg5 Bd8 27. Bd2 Nh5 28. Qf2 Nf6 29. Qg3 Nh5 30. Qf2 Nf6 31. Qg3 Nh5 32. Qf2 1/2-1/2

[Event "St Petersburg-ch sf"]
[Site "St Petersburg"]
[Date "2013.01.27"]
[Round "2"]
[White "Serov, Maksim"]
[Black "Barhudarian, Rafael"]
[Result "0-1"]
[WhiteElo "2366"]
[BlackElo "2284"]
[PlyCount "86"]
[EventDate "2013.01.26"]
[EventType "swiss"]
[EventRounds "9"]
[EventCountry "RUS"]
[SourceTitle "CBM 152 Extra"]
[Source "ChessBase"]
[SourceDate "2013.02.25"]
[SourceVersion "1"]
[SourceVersionDate "2013.02.25"]
[SourceQuality "1"]

1. d4 Nc6 2. d5 Ne5 3. f4 Ng6 4. e4 e5 5. dxe6 dxe6 6. Qxd8+ Kxd8 7. Nc3 Bc5 8. Nf3 Bd7 9. Bd2 Nf6 10. e5 Ng4 11. Ne4 Be3 12. g3 Bc6 13. Bd3 Bxd2+ 14. Nexd2 Ke7 15. Ke2 Rad8 16. Rhg1 f6 17. exf6+ gxf6 18. Rad1 Bd5 19. c4 Bc6 20. h3 Nf2 21. Kxf2 Rxd3 22. Rde1 Rhd8 23. Re2 Kf7 24. Rge1 h5 25. b4 h4 26. b5 hxg3+ 27. Kxg3 Bxf3 28. Nxf3 Rg8 29. Re3 Rd6 30. Re4 e5 31. f5 Nf4+ 32. Kh2 Rg2+ 33. Kh1 Rg3 34. Ng1 Rd2 35. R4e3 Nh5 36. R3e2 Rxh3+ 37. Nxh3 Ng3+ 38. Kg2 Nxe2 39. Kf3 Nd4+ 40. Ke4 Nc2 41. Rh1 Rd4+ 42. Kf3 Rxc4 43. Nf2 Nd4+ 0-1

[Event "St Petersburg-ch sf 85th"]
[Site "St Petersburg"]
[Date "2012.01.29"]
[Round "2.8"]
[White "Donskov, Anatoly"]
[Black "Serov, Maksim"]
[Result "1-0"]
[WhiteElo "2306"]
[BlackElo "2397"]
[PlyCount "145"]
[EventDate "2012.01.28"]
[EventType "swiss"]
[EventRounds "9"]
[EventCountry "RUS"]
[SourceTitle "CBM 146 Extra"]
[Source "ChessBase"]
[SourceDate "2012.02.29"]
[SourceVersion "1"]
[SourceVersionDate "2012.02.29"]
[SourceQuality "1"]

1. e4 e6 2. d4 d5 3. Nd2 a6 4. Ngf3 c5 5. exd5 exd5 6. Be2 c4 7. b3 cxb3 8. axb3 Bd6 9. 0-0 Ne7 10. Re1 Nbc6 11. Nf1 Bf5 12. Ne3 Be4 13. Ng5 Bg6 14. c3 0-0 15. Ba3 Bxa3 16. Rxa3 Nf5 17. Nxf5 Bxf5 18. Nf3 Re8 19. Qd2 Qf6 20. Raa1 Be4 21. Ng5 Bf5 22. f4 Ne7 23. Nf3 Qd6 24. g3 Be4 25. Ng5 Rac8 26. Bd3 Bxd3 27. Qxd3 Qg6 28. Qxg6 hxg6 29. Rac1 Nf5 30. Rxe8+ Rxe8 31. Kf2 f6 32. Nf3 Nd6 33. Nd2 Nb5 34. Nf3 Re4 35. Ne1 Kf7 36. Ng2 Ke6 37. Ne3 Kd6 38. Ke2 f5 39. Kd3 a5 40. Nf1 g5 41. Nd2 gxf4 42. Nxe4+ dxe4+ 43. Kd2 f3 44. Ke3 Nc7 45. c4 g6 46. g4 Ne8 47. Rg1 Nf6 48. gxf5 gxf5 49. h3 Ke6 50. Rg5 b6 51. Rg7 b5 52. Rb7 f4+ 53. Kf2 bxc4 54. bxc4 Nh5 55. Rb6+ Ke7 56. Rb1 Ng3 57. c5 Ne2 58. d5 Nd4 59. Rb7+ Kd8 60. Rb8+ Kc7 61. Re8 e3+ 62. Kf1 Ne2 63. d6+ Kd7 64. Re7+ Kd8 65. c6 Ng3+ 66. Kg1 f2+ 67. Kh2 f1Q 68. c7+ Kc8 69. Re8+ Kd7 70. c8Q+ Kxd6 71. Re6+ Kd5 72. Qc6+ Kd4 73. Rd6+ 1-0

[Event "St Petersburg Autumn op"]
[Site "St Petersburg"]
[Date "2011.11.02"]
[Round "6"]
[White "Martynov, Pavel1"]
[Black "Serov, Maksim"]
[Result "1-0"]
[WhiteElo "2223"]
[BlackElo "2388"]
[PlyCount "65"]
[EventDate "2011.10.28"]
[EventType "swiss"]
[EventRounds "9"]
[EventCountry "RUS"]
[SourceTitle "EXT 2013"]
[Source "ChessBase"]
[SourceDate "2012.11.22"]
[SourceVersion "1"]
[SourceVersionDate "2012.11.22"]
[SourceQuality "1"]

1. d4 Nf6 2. Nf3 c5 3. d5 d6 4. Nc3 g6 5. e4 Bg7 6. Be2 0-0 7. Nd2 Na6 8. 0-0 Nc7 9. a4 b6 10. Ra3 Bb7 11. Nc4 Qd7 12. Bf4 Rab8 13. Bg3 Ba6 14. Rb3 Rb7 15. Re1 Nh5 16. Bh4 Nf4 17. Bf1 h6 18. Nb5 Bxb5 19. axb5 Nh5 20. Qf3 Nf6 21. h3 Rbb8 22. e5 Nfxd5 23. exd6 exd6 24. Rd3 Qf5 25. Qxf5 gxf5 26. Nxd6 Nb4 27. Rg3 f4 28. Rg4 Ne6 29. Nxf7 Kxf7 30. Bc4 Rbe8 31. Rxf4+ Kg6 32. Rxf8 Bxf8 33. Bxe6 1-0

[Event "St Petersburg Autumn op"]
[Site "St Petersburg"]
[Date "2011.11.01"]
[Round "5"]
[White "Serov, Maksim"]
[Black "Bryndin, Vladimir"]
[Result "1-0"]
[WhiteElo "2388"]
[BlackElo "2235"]
[PlyCount "51"]
[EventDate "2011.10.28"]
[EventType "swiss"]
[EventRounds "9"]
[EventCountry "RUS"]
[SourceTitle "EXT 2013"]
[Source "ChessBase"]
[SourceDate "2012.11.22"]
[SourceVersion "1"]
[SourceVersionDate "2012.11.22"]
[SourceQuality "1"]

1. d4 g6 2. c4 c5 3. d5 e5 4. Nc3 d6 5. Nf3 Nh6 6. e4 f6 7. h4 Nf7 8. h5 Rg8 9. g3 Be7 10. Qd3 Nd7 11. a3 Nf8 12. b4 b6 13. Rb1 Bg4 14. Bh3 Bxh3 15. Rxh3 Qd7 16. Rh1 Rc8 17. Ke2 f5 18. Be3 Bf6 19. bxc5 dxc5 20. a4 Nd6 21. a5 Qd8 22. Nb5 Nxe4 23. Nxa7 Nd7 24. axb6 Nxb6 25. Nxc8 Nxc8 26. Nd2 1-0

[Event "St Petersburg Autumn op"]
[Site "St Petersburg"]
[Date "2011.10.29"]
[Round "2"]
[White "Klobukov, Alexey"]
[Black "Serov, Maksim"]
[Result "0-1"]
[WhiteElo "2078"]
[BlackElo "2388"]
[PlyCount "76"]
[EventDate "2011.10.28"]
[EventType "swiss"]
[EventRounds "9"]
[EventCountry "RUS"]
[SourceTitle "EXT 2013"]
[Source "ChessBase"]
[SourceDate "2012.11.22"]
[SourceVersion "1"]
[SourceVersionDate "2012.11.22"]
[SourceQuality "1"]

1. d4 f5 2. Nf3 d6 3. g3 Nf6 4. Bg2 g6 5. 0-0 Bg7 6. c4 0-0 7. Nc3 Nc6 8. d5 Na5 9. Nd2 c5 10. Qc2 a6 11. Rb1 Bd7 12. b3 Qe8 13. Bb2 g5 14. e3 Qh5 15. Qd1 Qg6 16. f4 b5 17. Qe2 Rab8 18. fxg5 Ng4 19. Nd1 bxc4 20. bxc4 Bxb2 21. Rxb2 Rxb2 22. Nxb2 Qxg5 23. Rf4 Qh6 24. Bf3 Ne5 25. Bh5 Rb8 26. Nd1 Rb4 27. Rh4 Qg7 28. Qf1 Ra4 29. Be2 Rxa2 30. Nf3 Ng6 31. Rh5 Nb3 32. Ng5 Nf8 33. Bd3 Be8 34. Qf3 Nd2 35. Qe2 Bxh5 36. Qxh5 Qg6 37. Qh4 h6 38. Bxf5 Qxf5 0-1

[Event "Chigorin Memorial 19th"]
[Site "St Petersburg"]
[Date "2011.10.21"]
[Round "8"]
[White "Serov, Maksim"]
[Black "Korchmar, Vasiliy"]
[Result "1/2-1/2"]
[WhiteElo "2388"]
[BlackElo "2253"]
[PlyCount "72"]
[EventDate "2011.10.14"]
[EventType "swiss"]
[EventRounds "9"]
[EventCountry "RUS"]
[SourceTitle "CBM 144 Extra"]
[Source "ChessBase"]
[SourceDate "2011.10.28"]
[SourceVersion "1"]
[SourceVersionDate "2011.10.28"]
[SourceQuality "1"]

1. d4 Nf6 2. c4 g6 3. Nc3 Bg7 4. e4 d6 5. f4 0-0 6. Nf3 c5 7. dxc5 Qa5 8. Bd3 Qxc5 9. Qe2 Nc6 10. Be3 Qa5 11. Rc1 Bg4 12. 0-0 Nd7 13. Qf2 Bxf3 14. gxf3 Nc5 15. Bb1 Na4 16. Nd1 b6 17. Kh1 Qh5 18. b3 Nc5 19. Nc3 f5 20. exf5 gxf5 21. Rg1 Kh8 22. Rg5 Qh3 23. Qg3 Qxg3 24. hxg3 e6 25. Kg2 Nb4 26. Nb5 Rad8 27. Rd1 d5 28. a3 Nc6 29. cxd5 Nxb3 30. Rd3 Rxd5 31. Rxb3 Na5 32. Rb4 Nc6 33. Rb3 Na5 34. Rb4 Nc6 35. Rb3 Na5 36. Rb4 Nc6 1/2-1/2

[Event "Chigorin Memorial 19th"]
[Site "St Petersburg"]
[Date "2011.10.19"]
[Round "6"]
[White "Serov, Maksim"]
[Black "Mikheev, Stanislav Valerievi"]
[Result "1-0"]
[WhiteElo "2388"]
[BlackElo "2271"]
[PlyCount "53"]
[EventDate "2011.10.14"]
[EventType "swiss"]
[EventRounds "9"]
[EventCountry "RUS"]
[SourceTitle "CBM 144 Extra"]
[Source "ChessBase"]
[SourceDate "2011.10.28"]
[SourceVersion "1"]
[SourceVersionDate "2011.10.28"]
[SourceQuality "1"]

1. d4 d5 2. Nf3 Nf6 3. c4 c6 4. Nc3 dxc4 5. a4 Bf5 6. Ne5 e6 7. g3 Bb4 8. Bg2 Ne4 9. 0-0 Nxc3 10. bxc3 Bxc3 11. Ba3 Qxd4 12. Nxc4 Qxc4 13. Qd6 Bf6 14. Rfd1 e5 15. Qc7 Nd7 16. Qxb7 Rb8 17. Qxa7 Rb3 18. Qa8+ Bd8 19. Bxc6 Rc3 20. Bb5 Qb3 21. Rd5 Rc7 22. Bd6 Qb2 23. Bxe5 Rc1+ 24. Kg2 Qc2 25. Rxc1 Qxc1 26. Bxg7 Rg8 27. Bf6 1-0

[Event "Chigorin Memorial 19th"]
[Site "St Petersburg"]
[Date "2011.10.18"]
[Round "5"]
[White "Andriasian, Zaven"]
[Black "Serov, Maksim"]
[Result "1-0"]
[WhiteElo "2615"]
[BlackElo "2388"]
[PlyCount "91"]
[EventDate "2011.10.14"]
[EventType "swiss"]
[EventRounds "9"]
[EventCountry "RUS"]
[SourceTitle "CBM 144 Extra"]
[Source "ChessBase"]
[SourceDate "2011.10.28"]
[SourceVersion "1"]
[SourceVersionDate "2011.10.28"]
[SourceQuality "1"]

1. e4 e6 2. d4 d5 3. Nd2 a6 4. Ngf3 c5 5. exd5 exd5 6. Be2 c4 7. 0-0 Bd6 8. b3 cxb3 9. axb3 Nc6 10. c4 Nge7 11. Bb2 0-0 12. Ne5 Be6 13. Rc1 Rc8 14. Ndf3 f6 15. Nd3 Na5 16. c5 Bb8 17. Bc3 Qc7 18. Bd2 g5 19. g3 Nf5 20. Bxa5 Qxa5 21. b4 Qc7 22. c6 b6 23. b5 a5 24. Nb2 Qf7 25. Bd3 Bc7 26. Na4 Kg7 27. Re1 Nd6 28. Qb3 Bg4 29. Nd2 Rcd8 30. Be2 Bc8 31. Bf3 Nf5 32. Qd3 h5 33. Nf1 h4 34. Nc3 hxg3 35. fxg3 Rh8 36. Rc2 Ne7 37. Rce2 Bf5 38. Qe3 Ng6 39. Qf2 Bd3 40. Re3 Bf5 41. Qa2 Be4 42. Bxe4 dxe4 43. Rxe4 f5 44. Re6 Rxd4 45. Nd5 Kh6 46. Ne7 1-0

[Event "Chigorin Memorial 19th"]
[Site "St Petersburg"]
[Date "2011.10.15"]
[Round "2"]
[White "Serov, Maksim"]
[Black "Kovchan, Alexander"]
[Result "0-1"]
[WhiteElo "2388"]
[BlackElo "2569"]
[PlyCount "116"]
[EventDate "2011.10.14"]
[EventType "swiss"]
[EventRounds "9"]
[EventCountry "RUS"]
[SourceTitle "CBM 144 Extra"]
[Source "ChessBase"]
[SourceDate "2011.10.28"]
[SourceVersion "1"]
[SourceVersionDate "2011.10.28"]
[SourceQuality "1"]

1. d4 Nf6 2. c4 g6 3. Nf3 Bg7 4. d5 c6 5. Nc3 cxd5 6. cxd5 Qa5 7. Qd4 0-0 8. Bd2 d6 9. b4 Qb6 10. e3 Nbd7 11. Qc4 Qd8 12. Rc1 Nb6 13. Qb3 e6 14. Bc4 Nxc4 15. Qxc4 exd5 16. Nxd5 Be6 17. Nxf6+ Bxf6 18. Qf4 Bxa2 19. Bc3 Bxc3+ 20. Rxc3 d5 21. h4 Bc4 22. h5 Qe7 23. Ng5 f6 24. Rxc4 fxg5 25. Qc7 Qxc7 26. Rxc7 Rac8 27. Rxc8 Rxc8 28. Kd2 Rc4 29. hxg6 hxg6 30. b5 Rb4 31. Ra1 Rxb5 32. Rxa7 Kf7 33. Kd3 Ke6 34. Kc3 Rb1 35. Kd4 Rb2 36. f3 Rd2+ 37. Kc5 Rc2+ 38. Kd4 Rd2+ 39. Kc5 g4 40. fxg4 Rxg2 41. Rxb7 Rxg4 42. Rg7 g5 43. Rg6+ Ke5 44. Rg8 Rc4+ 45. Kb5 Kf5 46. Rd8 Kg4 47. Rxd5 Re4 48. Kc5 Rxe3 49. Kd4 Re1 50. Ra5 Kh4 51. Ra7 g4 52. Rh7+ Kg3 53. Kd3 Kg2 54. Kd2 Re8 55. Kd1 g3 56. Kd2 Kg1 57. Rg7 g2 58. Kd1 Rh8 0-1

[Event "Chigorin Memorial 19th"]
[Site "St Petersburg"]
[Date "2011.10.14"]
[Round "1"]
[White "Bezulenko, Evgeny"]
[Black "Serov, Maksim"]
[Result "0-1"]
[WhiteElo "1953"]
[BlackElo "2388"]
[PlyCount "68"]
[EventDate "2011.10.14"]
[EventType "swiss"]
[EventRounds "9"]
[EventCountry "RUS"]
[SourceTitle "CBM 144 Extra"]
[Source "ChessBase"]
[SourceDate "2011.10.28"]
[SourceVersion "1"]
[SourceVersionDate "2011.10.28"]
[SourceQuality "1"]

1. f4 d5 2. Nf3 g6 3. d4 Bg7 4. e3 Nf6 5. Bd3 0-0 6. 0-0 c5 7. c3 b6 8. a4 c4 9. Bc2 Nc6 10. Nbd2 Bf5 11. Ne5 Qc8 12. h3 Na5 13. g4 Bxc2 14. Qxc2 Nb7 15. g5 Nh5 16. Ng4 Nd6 17. Rf3 f6 18. gxf6 exf6 19. e4 dxe4 20. Nxe4 Qf5 21. Ngf2 Rae8 22. Re3 Nxe4 23. Nxe4 Nxf4 24. Qh2 Rxe4 25. Rxe4 Nxh3+ 26. Kg2 Qxe4+ 27. Kxh3 Qf3+ 28. Qg3 Qh1+ 29. Qh2 Qd1 30. Qg2 f5 31. Qd5+ Kh8 32. b3 Re8 33. Qg2 Qh5+ 34. Kg3 Qg4+ 0-1

[Event "EU-ch 12th"]
[Site "Aix les Bains"]
[Date "2011.03.30"]
[Round "8"]
[White "Donchenko, Alexander"]
[Black "Serov, Maksim"]
[Result "1-0"]
[WhiteElo "2216"]
[BlackElo "2352"]
[PlyCount "57"]
[EventDate "2011.03.22"]
[EventType "swiss"]
[EventRounds "11"]
[EventCountry "FRA"]
[SourceTitle "CBM 142 Extra"]
[Source "ChessBase"]
[SourceDate "2011.06.27"]
[SourceVersion "1"]
[SourceVersionDate "2011.06.27"]
[SourceQuality "1"]

1. d4 Nf6 2. Nf3 c5 3. c4 cxd4 4. Nxd4 b6 5. f3 Bb7 6. e4 d6 7. Be2 Nbd7 8. Nc3 e6 9. 0-0 a6 10. Be3 Rc8 11. Qe1 Be7 12. Rc1 0-0 13. Qg3 Re8 14. Rfd1 Qc7 15. Bf1 Qb8 16. b3 Kh8 17. Qf2 Bd8 18. Nde2 Bc7 19. g4 h6 20. h4 Ne5 21. g5 Nh5 22. Bh3 g6 23. Bd4 Kh7 24. Bg4 Ng7 25. gxh6 Nh5 26. Bxe5 dxe5 27. Bxh5 Bd6 28. Qg2 Qc7 29. Bg4 1-0

[Event "EU-ch 12th"]
[Site "Aix les Bains"]
[Date "2011.03.24"]
[Round "3"]
[White "Serov, Maksim"]
[Black "Khalifman, Alexander"]
[Result "1/2-1/2"]
[WhiteElo "2352"]
[BlackElo "2637"]
[PlyCount "42"]
[EventDate "2011.03.22"]
[EventType "swiss"]
[EventRounds "11"]
[EventCountry "FRA"]
[SourceTitle "CBM 142 Extra"]
[Source "ChessBase"]
[SourceDate "2011.06.27"]
[SourceVersion "1"]
[SourceVersionDate "2011.06.27"]
[SourceQuality "1"]

1. d4 d5 2. Nf3 Nf6 3. c4 c6 4. Qb3 e6 5. g3 Be7 6. Bg2 0-0 7. Nc3 Nbd7 8. 0-0 Nb6 9. cxd5 exd5 10. Ne5 Ng4 11. Nd3 Nc4 12. Rd1 Nf6 13. Bf4 Nd6 14. Bxd6 Bxd6 15. e4 dxe4 16. Nxe4 Nxe4 17. Bxe4 Qf6 18. Nc5 Rb8 19. Rac1 Kh8 20. Bf3 Qe7 21. Re1 Qd8 1/2-1/2

[Event "EU-ch 12th"]
[Site "Aix les Bains"]
[Date "2011.03.22"]
[Round "1"]
[White "Serov, Maksim"]
[Black "Kurnosov, Igor"]
[Result "1/2-1/2"]
[WhiteElo "2352"]
[BlackElo "2653"]
[PlyCount "137"]
[EventDate "2011.03.22"]
[EventType "swiss"]
[EventRounds "11"]
[EventCountry "FRA"]
[SourceTitle "CBM 142 Extra"]
[Source "ChessBase"]
[SourceDate "2011.06.27"]
[SourceVersion "1"]
[SourceVersionDate "2011.06.27"]
[SourceQuality "1"]

1. d4 g6 2. c4 Bg7 3. Nc3 Nf6 4. e4 d6 5. f3 0-0 6. Be3 c5 7. Nge2 Nc6 8. Qd2 Qa5 9. Rd1 Bd7 10. dxc5 dxc5 11. Nd5 Nxd5 12. cxd5 Nb4 13. Nc3 Bd4 14. Bd3 Ba4 15. Ra1 Bc2 16. Bc4 b5 17. Bxb5 Bxe4 18. Bxd4 cxd4 19. fxe4 dxc3 20. bxc3 Qxb5 21. cxb4 Rac8 22. a3 f5 23. Qe2 Qb6 24. Qf2 fxe4 25. Qxb6 axb6 26. Ke2 Rc2+ 27. Ke3 Rxg2 28. Kxe4 Rf5 29. Rad1 Rg4+ 30. Ke3 Rgg5 31. d6 Re5+ 32. Kf4 Rgf5+ 33. Kg3 Re3+ 34. Kg2 exd6 35. Rxd6 b5 36. Rd7 Re2+ 37. Kg3 Re3+ 38. Kg2 Re2+ 39. Kg3 Re3+ 40. Kg2 Rg5+ 41. Kf2 Rxa3 42. Rc1 Rf5+ 43. Kg2 Ra2+ 44. Kg3 Raf2 45. Rc8+ Rf8 46. Rb7 R2f3+ 47. Kg2 Rf2+ 48. Kg3 Rxc8 49. Kxf2 Rf8+ 50. Kg3 Rf5 51. Kg4 Rd5 52. h3 Rd4+ 53. Kg5 Rxb4 54. Rb8+ Kf7 55. Rb7+ Ke6 56. Rxh7 Rb3 57. h4 Rg3+ 58. Kf4 Rd3 59. Kg5 Rd7 60. Rh6 Kd5 61. Rxg6 Kc5 62. h5 b4 63. Re6 b3 64. Re2 Rb7 65. h6 b2 66. Rxb2 Rxb2 67. h7 Rh2 68. Kg6 Rxh7 69. Kxh7 1/2-1/2

[Event "St Petersburg-ch sf"]
[Site "St Petersburg"]
[Date "2011.02.14"]
[Round "4"]
[White "Vunder, Andrei"]
[Black "Serov, Maksim"]
[Result "1/2-1/2"]
[WhiteElo "2300"]
[BlackElo "2377"]
[PlyCount "25"]
[EventDate "2011.02.11"]
[EventType "swiss"]
[EventRounds "9"]
[EventCountry "RUS"]
[SourceTitle "CBM 141 Extra"]
[Source "ChessBase"]
[SourceDate "2011.05.03"]
[SourceVersion "1"]
[SourceVersionDate "2011.05.03"]
[SourceQuality "1"]

1. d4 e6 2. Bf4 c5 3. e3 Qb6 4. Nc3 Nf6 5. a3 Nc6 6. Nf3 Nh5 7. Bg3 cxd4 8. exd4 Be7 9. d5 Nxg3 10. hxg3 Nd8 11. dxe6 dxe6 12. Bb5+ Nc6 13. Ne5 1/2-1/2